[Event "95th Caplin Hastings Congress"]
[Site "Hastings"]
[Date "2019.12.31"]
[Round "4.16"]
[White "Rudd, Jack"]
[Black "Shivika Rohilla"]
[Result "1/2-1/2"]
[WhiteElo "2331"]
[BlackElo "1744"]
[Annotator "ChessBase"]
[PlyCount "87"]
[EventDate "2019.12.28"]
[EventType "swiss"]
[EventCountry "ENG"]
[SourceTitle "playchess.com"]
[Source "ChessBase"]
[SourceQuality "1"]
[TimeControl "40/6600+30:3000+30"]

1. d4 {[%emt 0:09:31]} d5 {[%emt 0:09:35]} 2. c4 {[%emt 0:00:06]} e6 {[%emt 0:00:04]} 3. Nc3 {[%emt 0:00:04]} a6 {[%emt 0:00:08]} 4. cxd5 {[%emt 0:00:07]} exd5 {[%emt 0:00:05]} 5. Nf3 {[%emt 0:00:06]} Nf6 {[%emt 0:00:05]} 6. Bg5 {[%emt 0:00:06]} Be6 {[%emt 0:00:08]} 7. e3 {[%emt 0:00:05]} Bd6 {[%emt 0:00:22]} 8. Bd3 {[%emt 0:00:09]} Nbd7 {[%emt 0:00:06]} 9. Qc2 {[%emt 0:00:11]} c6 {[%emt 0:04:21]} 10. O-O {[%emt 0:00:33]} h6 {[%emt 0:00:25]} 11. Bh4 {[%emt 0:00:06]} Qb8 {[%emt 0:05:18]} 12. Bg3 {[%emt 0:01:05]} O-O {[%emt 0:01:26]} 13. b4 {[%emt 0:00:20]} Bxg3 {[%emt 0:02:21]} 14. hxg3 {[%emt 0:01:35]} Qd6 {[%emt 0:00:30]} 15. Rab1 {[%emt 0:00:10]} b5 {[%emt 0:11:10]} 16. a4 {[%emt 0:00:37]} Nb6 {[%emt 0:09:36]} 17. a5 {[%emt 0:04:01]} Nc4 {[%emt 0:00:29]} 18. Bxc4 {[%emt 0:00:05]} dxc4 {[%emt 0:07:12]} 19. Ne5 {[%emt 0:01:35]} Qc7 {[%emt 0:10:39]} 20. Rb2 {[%emt 0:00:54]} Ng4 {[%emt 0:06:47]} 21. Nxg4 {[%emt 0:01:27]} Bxg4 {[%emt 0:00:08]} 22. Ne4 {[%emt 0:00:57]} Rad8 {[%emt 0:05:59]} 23. Nc5 {[%emt 0:00:53]} Bc8 {[%emt 0:00:46]} 24. Qc3 {[%emt 0:00:14]} f5 {[%emt 0:02:41]} 25. Re1 {[%emt 0:00:48]} Rfe8 {[%emt 0:01:36]} 26. Ree2 {[%emt 0:01:00]} Rd6 {[%emt 0:04:42]} 27. Rbd2 {[%emt 0:04:02]} Red8 {[%emt 0:01:48]} 28. f4 {[%emt 0:03:12]} Rg6 {[%emt 0:02:18]} 29. e4 {[%emt 0:00:24]} fxe4 {[%emt 0:03:56]} 30. Rxe4 {[%emt 0:00:09]} Rf6 {[%emt 0:01:49]} 31. Rde2 {[%emt 0:00:51]} Rf7 {[%emt 0:03:27]} 32. Kf2 {[%emt 0:01:57]} Rdf8 {[%emt 0:05:07]} 33. Ke1 {[%emt 0:03:49]} Bg4 {[%emt 0:05:05]} 34. R2e3 {[%emt 0:00:29]} Qc8 {[%emt 0:01:28]} 35. Kd2 {[%emt 0:00:30]} g5 {[%emt 0:02:22]} 36. fxg5 {[%emt 0:00:57]} Rf2+ {[%emt 0:00:49]} 37. Kc1 {[%emt 0:00:14]} Bf5 {[%emt 0:00:43]} 38. d5 {[%emt 0:03:00]} Bxe4 {[%emt 0:01:14]} 39. Nxe4 {[%emt 0:00:17]} Rf1+ {[%emt 0:00:42]} 40. Kb2 {[%emt 0:00:07]} hxg5 {[%emt 0:03:18]} 41. d6 {[%emt 0:54:12]} Qg4 {[%emt 0:52:08]} 42. Qe5 {[%emt 0:03:51]} Qd1 {[%emt 0:01:11]} 43. Qxg5+ {[%emt 0:00:12]} Kh8 {[%emt 0:00:24]} 44. Qh6+ {[%emt 0:01:42]} 1/2-1/2

[Event "95th Caplin Hastings Congress"]
[Site "Hastings"]
[Date "2019.12.31"]
[Round "4.17"]
[White "Hebden, Mark L"]
[Black "Ryzhkov, Vjacheslav"]
[Result "1-0"]
[WhiteElo "2433"]
[BlackElo "2134"]
[Annotator "ChessBase"]
[PlyCount "61"]
[EventDate "2019.12.28"]
[EventType "swiss"]
[EventCountry "ENG"]
[SourceTitle "playchess.com"]
[Source "ChessBase"]
[SourceQuality "1"]
[TimeControl "40/6600+30:3000+30"]

1. d4 {[%emt 0:09:45]} e6 {[%emt 0:09:54]} 2. Nc3 {[%emt 0:01:08]} d5 {[%emt 0:00:33]} 3. Bf4 {[%emt 0:01:54]} Nf6 {[%emt 0:01:17]} 4. e3 {[%emt 0:05:02]} Bd6 {[%emt 0:04:19]} 5. Nf3 {[%emt 0:00:00]} Bxf4 {[%emt 0:04:21]} 6. exf4 {[%emt 0:00:00]} O-O {[%emt 0:01:59]} 7. Bd3 {[%emt 0:00:00]} Nbd7 {[%emt 0:03:58]} 8. Ne2 {[%emt 0:07:25]} c5 {[%emt 0:02:16]} 9. c3 {[%emt 0:00:00]} cxd4 {[%emt 0:02:33]} 10. cxd4 {[%emt 0:00:00]} Ne4 {[%emt 0:03:31]} 11. O-O {[%emt 0:00:00]} Ndf6 {[%emt 0:07:25]} 12. Ne5 {[%emt 0:03:48]} Nd7 {[%emt 0:05:41]} 13. Rc1 {[%emt 0:03:01]} Qa5 {[%emt 0:07:11]} 14. a3 {[%emt 0:08:15]} Nb6 {[%emt 0:07:33]} 15. Nc3 {[%emt 0:00:03]} f6 {[%emt 0:03:07]} 16. Nf3 {[%emt 0:02:27]} Nxc3 {[%emt 0:03:26]} 17. Rxc3 {[%emt 0:00:34]} Na4 {[%emt 0:00:21]} 18. Rb3 {[%emt 0:06:50]} Qc7 {[%emt 0:01:29]} 19. Qb1 {[%emt 0:03:18]} Qxf4 {[%emt 0:03:25]} 20. Bxh7+ {[%emt 0:00:51]} Kh8 {[%emt 0:00:11]} 21. Bg6 {[%emt 0:01:49]} Kg8 {[%emt 0:14:50]} 22. Re1 {[%emt 0:02:40]} Nb6 {[%emt 0:01:25]} 23. Bh7+ {[%emt 0:09:44]} Kh8 {[%emt 0:00:16]} 24. Bc2 {[%emt 0:01:09]} g5 {[%emt 0:06:23]} 25. Qd1 {[%emt 0:05:16]} Rf7 {[%emt 0:02:03]} 26. Nxg5 {[%emt 0:06:05]} fxg5 {[%emt 0:01:35]} 27. Qh5+ {[%emt 0:00:55]} Kg8 {[%emt 0:00:50]} 28. Rf3 {[%emt 0:00:37]} Qc7 {[%emt 0:00:40]} 29. Qg6+ {[%emt 0:00:20]} Kf8 {[%emt 0:00:25]} 30. Qh6+ {[%emt 0:00:15]} Kg8 {[%emt 0:02:01]} 31. Bh7+ {[%emt 0:00:47]} 1-0

[Event "95th Caplin Hastings Congress"]
[Site "Hastings"]
[Date "2019.12.31"]
[Round "4.18"]
[White "Cherniaev, Alexander"]
[Black "Thompson, Ian D"]
[Result "1-0"]
[WhiteElo "2419"]
[BlackElo "2141"]
[Annotator "RC"]
[PlyCount "85"]
[EventDate "2019.12.28"]
[EventType "swiss"]
[EventCountry "ENG"]
[SourceTitle "playchess.com"]
[Source "ChessBase"]
[SourceQuality "1"]
[TimeControl "40/6600+30:3000+30"]

1. b3 {[%emt 0:12:05]} e5 {[%emt 0:10:08]} 2. Bb2 {[%emt 0:00:18]} Nc6 {[%emt 0:00:07]} 3. e3 {[%emt 0:00:52]} Nf6 {[%emt 0:00:06]} 4. Bb5 {[%emt 0:01:15]} Bd6 {[%emt 0:00:10]} 5. Na3 {[%emt 0:02:02]} Na5 {[%emt 0:00:08]} 6. Be2 {[%emt 0:02:48]} c6 {[%emt 0:06:47]} 7. Nf3 {[%emt 0:08:23]} Qe7 {[%emt 0:01:19]} 8. Nb1 {[%emt 0:00:04]} b6 {[%emt 0:05:47]} 9. d4 {[%emt 0:03:33]} e4 {[%emt 0:06:11]} 10. Ne5 {[%emt 0:03:47]} Bb8 {[%emt 0:04:05]} 11. a4 {[%emt 0:09:06]} d6 {[%emt 0:03:20]} 12. Nc4 {[%emt 0:13:52]} Nxc4 {[%emt 0:02:58]} 13. bxc4 {[%emt 0:00:01]} d5 {[%emt 0:02:17]} 14. a5 {[%emt 0:04:24]} bxa5 {[%emt 0:02:35]} 15. Ba3 {[%emt 0:02:11]} Bd6 {[%emt 0:02:54]} 16. Bxd6 {[%emt 0:00:06]} Qxd6 {[%emt 0:00:05]} 17. c5 {[%emt 0:00:54]} Qc7 {[%emt 0:01:32]} 18. Nd2 {[%emt 0:03:32]} O-O {[%emt 0:02:09]} 19. Nb3 {[%emt 0:01:31]} Ne8 {[%emt 0:05:18]} 20. Qd2 {[%emt 0:02:06]} f5 {[%emt 0:01:19]} 21. Qxa5 {[%emt 0:00:25]} Qf7 {[%emt 0:02:30]} 22. g3 {[%emt 0:00:08]} g5 {[%emt 0:00:55]} 23. Kd2 {[%emt 0:08:10]} f4 {[%emt 0:05:29]} 24. h4 {[%emt 0:02:43]} f3 {[%emt 0:06:51]} 25. Ba6 {[%emt 0:00:16]} gxh4 {[%emt 0:00:51]} 26. Rxh4 {[%emt 0:01:36]} Nf6 {[%emt 0:03:32]} 27. Bxc8 {[%emt 0:06:20]} Rfxc8 {[%emt 0:03:27]} 28. Qa6 {[%emt 0:01:04]} Rc7 {[%emt 0:01:42]} 29. Qf1 {[%emt 0:01:20]} Kh8 {[%emt 0:12:50]} 30. Qh3 {[%emt 0:01:11]} Rg8 {[%emt 0:03:13]} 31. Ra6 {[%emt 0:02:15]} Nd7 {[%emt 0:00:49]} 32. Rh5 {[%emt 0:02:17]} Nf6 {[%emt 0:01:28]} 33. Rh4 {[%emt 0:00:52]} Nd7 {[%emt 0:00:06]} 34. Ra1 {[%emt 0:05:36]} Rg6 {[%emt 0:03:42]} 35. Na5 {[%emt 0:05:11]} Rg8 {[%emt 0:04:58]} 36. Rb1 {[%emt 0:00:00]} Nf6 {[%emt 0:08:03]} 37. Rf4 {[%emt 0:06:12]} Qg7 {[%emt 0:02:08]} 38. Qe6 {[%emt 0:03:23]} Ng4 {[%emt 0:01:16]} 39. Nxc6 {[%emt 0:00:25]} Nxf2 {[%emt 0:03:07]} 40. Ne5 {[%emt 0:00:18]} Rf8 {[%emt 0:05:07]} 41. Ng6+ {[%emt 0:00:43]} hxg6 {[%emt 0:48:00]} 42. Rh4+ {[%emt 0:00:20]} Qh7 {[%emt 0:00:46]} 43. Rf1 {[%emt 0:01:44]} 1-0

[Event "95th Caplin Hastings Congress"]
[Site "Hastings"]
[Date "2019.12.31"]
[Round "4.19"]
[White "Murphy, Conor E"]
[Black "Okhai, Shabir"]
[Result "1-0"]
[WhiteElo "2407"]
[BlackElo "2103"]
[Annotator "TA"]
[PlyCount "153"]
[EventDate "2019.12.28"]
[EventType "swiss"]
[EventCountry "ENG"]
[SourceTitle "playchess.com"]
[Source "ChessBase"]
[SourceQuality "1"]

{[%evp 18,153,10,2,58,6,20,0,31,20,77,75,75,68,69,69,83,77,64,-23,84,84,78,70,67,70,120,120,122,66,101,70,71,70,70,55,78,74,77,31,59,58,56,55,52,47,47,50,45,32,115,115,115,115,115,115,128,114,142,142,145,122,123,130,126,109,143,141,173,177,168,138,189,145,157,90,102,53,64,77,60,23,158,158,185,178,178,183,174,131,136,120,458,458,362,171,169,184,145,156,150,0,0,0,0,0,0,0,0,0,0,0,10,0,0,0,0,8,103,120,99,97,195,188,240,231,304,303,6070,5689,29975,29975,5521,5081,29978,29979,29983,29984]} 1. e4 e5 2. Nf3 Nc6 3. Bb5 a6 4. Ba4 Nf6 5. O-O Be7 6. Qe2 b5 7. Bb3 O-O 8. c3 d5 9. d3 d4 10. h3 Qd6 {C86: Closed Ruy Lopez: Worrall Attack} (10... Bb7 $11) (10... Bc5 11. Bg5 Qd6 12. Nbd2 h6 13. Bxf6 Qxf6 14. Bd5 dxc3 15. bxc3 Bd7 16. a4 Rab8 17. Nb3 Bb6 18. axb5 axb5 {0-1 (58) Ivanchuk,V (2711)-Leko,P (2749) Monte Carlo 2005}) 11. Bd2 $146 ({Better is} 11. cxd4 $14 Nxd4 12. Nxd4 Qxd4 13. Be3) ({Predecessor:} 11. Rd1 Be6 12. Bc2 Rad8 13. cxd4 Nxd4 14. Nxd4 Qxd4 15. Nd2 c5 16. Nf3 Qd6 17. b3 Nd7 18. Bb2 {0-1 (64) Ruiz Agudelo,S (1755)-Donoso Diaz,S (1679) Pocos de Caldas 2013}) 11... Be6 (11... Rd8 {with more complications.} 12. Ng5 Be6 13. Nxe6 fxe6 14. c4 Nd7) 12. Bxe6 fxe6 {The position is equal.} 13. cxd4 Nxd4 (13... Rad8 $11) 14. Nxd4 $16 Qxd4 15. Be3 $1 {[%cal Re3d4]} Qd6 16. Nd2 Rfd8 17. Nf3 $1 c5 18. b3 (18. Rfd1 $14) 18... Nd7 (18... Qxd3 $11 19. Qxd3 Rxd3) 19. Rac1 Rac8 20. Rfd1 Nf8 21. h4 Bf6 22. Qc2 Nd7 {[#]} 23. g3 (23. b4 $1 $16 {[%mdl 512]}) 23... Be7 24. Qb2 Rf8 25. Kg2 Qb8 26. Ng5 {[%cal Bf3g5,Bg5h3,Bh3f2,Bf2g4,Bg4e3,Be3c4][%mdl 32]} Qd6 27. Qe2 Nf6 28. f3 Rfd8 29. Rd2 Rc6 30. Nh3 Qd7 31. Nf2 Qe8 32. Rdc2 {[%cal Re3c5]} Rdc8 33. Rc3 Nh5 (33... Nd7 $14) 34. Ng4 Bd6 35. Qf2 $1 b4 36. R3c2 {[%cal Re3c5]} Qe7 37. Bd2 R6c7 38. Ne3 Nf6 39. Nc4 Nd7 40. Be3 Qf8 41. g4 Be7 42. Qg3 Qd8 43. g5 (43. Nxe5 Bxh4 44. Qh2 Bf6 $16) 43... Rc6 44. Qg4 Qc7 (44... Qe8 $16 45. f4 Bd6) 45. Bf2 Nf8 46. Bg3 (46. h5 $142) 46... Ng6 47. h5 Nf4+ 48. Bxf4 exf4 49. e5 Qd8 (49... Rf8 $11 {keeps the balance.}) 50. g6 $1 Qxd3 51. Rd2 $36 {[%mdl 2048] White is on the roll.} ({Stronger than} 51. Qxf4 hxg6 52. Qg4 gxh5 $11) 51... Qf5 52. Rd7 R6c7 53. Rcd1 {And now Qxf5 would win.} hxg6 54. hxg6 Kf8 $2 {[%mdl 8192]} (54... Rxd7 $16 {is more resistant.} 55. Qxf5 (55. Rxd7 Kf8 $14) 55... Rd2+ 56. Rxd2 exf5) 55. Qxf5+ $18 exf5 56. Rh1 (56. e6 $142 Bf6 57. Rf7+ Rxf7 58. exf7) 56... Kg8 {[#]} 57. e6 $1 Rxd7 58. exd7 {[%mdl 4096] Endgame KRB-KRN} Rc6 59. Ne5 (59. Rd1 $16 Rxg6+ 60. Kf1) 59... Re6 $1 $11 {[%cal Re6e5]} 60. Rd1 Bd8 61. Rd5 Kf8 62. Rxc5 {Black must now prevent Nc6.} Ke7 63. Kf1 Bb6 64. Rd5 Bc7 65. Nd3 Rxg6 66. Nxb4 Rd6 {...Rxd5 is the strong threat.} 67. Rxf5 Rxd7 (67... a5 $1 $11 68. Re5+ Kxd7) 68. Nxa6 $16 Bd6 69. b4 {[%cal Bb3b4,Bb4b5][%mdl 32]} Rb7 {[#]} (69... Rd8 $16 {was called for.}) 70. b5 $1 $18 Ke6 (70... Ba3 $142 71. Ke2 (71. Rxf4 Rxb5 72. Re4+ Kd7 $11) 71... g6 72. Re5+ (72. Rxf4 Rxb5 73. Re4+ Kd7 $11) 72... Kd8) 71. Rg5 Kf6 72. Nc5 Kxg5 $2 (72... Re7 73. Rd5 Bxc5) 73. Nxb7 Bb4 74. a4 Bd2 75. a5 {[%cal Ba4a5,Ba5a6][%mdl 32]} Kf6 76. b6 Ke7 77. a6 {Accuracy: White = 55%, Black = 36%.} 1-0

[Event "95th Caplin Hastings Congress"]
[Site "Hastings"]
[Date "2019.12.31"]
[Round "4.20"]
[White "Vaishali R"]
[Black "Price, Gwilym"]
[Result "1-0"]
[WhiteElo "2376"]
[BlackElo "2110"]
[Annotator "ChessBase"]
[PlyCount "79"]
[EventDate "2019.12.28"]
[EventType "swiss"]
[EventCountry "ENG"]
[SourceTitle "playchess.com"]
[Source "ChessBase"]
[SourceQuality "1"]
[TimeControl "40/6600+30:3000+30"]

1. e4 {[%emt 0:10:11]} c5 {[%emt 0:09:35]} 2. Nf3 {[%emt 0:00:06]} e6 {[%emt 0:00:04]} 3. d4 {[%emt 0:00:50]} cxd4 {[%emt 0:00:05]} 4. Nxd4 {[%emt 0:00:05]} Nf6 {[%emt 0:00:05]} 5. Nc3 {[%emt 0:00:05]} Nc6 {[%emt 0:00:04]} 6. Nxc6 {[%emt 0:02:35]} bxc6 {[%emt 0:00:05]} 7. Bd3 {[%emt 0:00:05]} d5 {[%emt 0:00:56]} 8. O-O {[%emt 0:00:05]} Be7 {[%emt 0:02:45]} 9. Qf3 {[%emt 0:00:07]} O-O {[%emt 0:05:58]} 10. Re1 {[%emt 0:00:12]} a5 {[%emt 0:08:42]} 11. exd5 {[%emt 0:19:39]} exd5 {[%emt 0:12:26]} 12. Bf4 {[%emt 0:07:18]} Re8 {[%emt 0:04:04]} 13. h3 {[%emt 0:04:12]} a4 {[%emt 0:06:20]} 14. Ne2 {[%emt 0:04:15]} Qb6 {[%emt 0:08:02]} 15. Ng3 {[%emt 0:01:29]} Ba6 {[%emt 0:03:05]} 16. Bxa6 {[%emt 0:16:51]} Qxa6 {[%emt 0:02:01]} 17. Nf5 {[%emt 0:00:22]} Bf8 {[%emt 0:01:41]} 18. Be5 {[%emt 0:01:25]} c5 {[%emt 0:17:50]} 19. Nh6+ {[%emt 0:01:32]} gxh6 {[%emt 0:00:18]} 20. Bxf6 {[%emt 0:00:07]} Bg7 {[%emt 0:00:06]} 21. Bxg7 {[%emt 0:00:45]} Kxg7 {[%emt 0:00:06]} 22. Qxd5 {[%emt 0:00:24]} Qb6 {[%emt 0:01:46]} 23. b3 {[%emt 0:06:39]} axb3 {[%emt 0:02:00]} 24. Qxb3 {[%emt 0:01:02]} Qxb3 {[%emt 0:04:59]} 25. axb3 {[%emt 0:00:07]} Ra2 {[%emt 0:00:10]} 26. Rxe8 {[%emt 0:02:05]} Rxa1+ {[%emt 0:00:06]} 27. Kh2 {[%emt 0:00:04]} Rc1 {[%emt 0:01:10]} 28. Re2 {[%emt 0:00:31]} f5 {[%emt 0:03:37]} 29. Kg3 {[%emt 0:00:27]} Kf6 {[%emt 0:00:11]} 30. Kf4 {[%emt 0:00:27]} Rd1 {[%emt 0:00:57]} 31. Ke3 {[%emt 0:02:50]} Ke6 {[%emt 0:02:00]} 32. Rd2 {[%emt 0:01:10]} Re1+ {[%emt 0:00:36]} 33. Kd3 {[%emt 0:00:51]} Kd6 {[%emt 0:00:52]} 34. Kc4+ {[%emt 0:02:24]} Kc6 {[%emt 0:00:05]} 35. f3 {[%emt 0:00:41]} Re5 {[%emt 0:00:38]} 36. c3 {[%emt 0:00:21]} f4 {[%emt 0:01:15]} 37. Ra2 {[%emt 0:00:28]} Kb6 {[%emt 0:00:30]} 38. Ra8 {[%emt 0:00:37]} Rg5 {[%emt 0:00:26]} 39. Rf8 {[%emt 0:02:01]} Rxg2 {[%emt 0:00:15]} 40. Rf6+ {[%emt 0:00:05]} 1-0

[Event "95th Caplin Hastings Congress"]
[Site "Hastings"]
[Date "2019.12.31"]
[Round "4.21"]
[White "Comellas Blanchart, Jordi"]
[Black "Petrov, Vladimir Sergeev"]
[Result "1/2-1/2"]
[WhiteElo "2064"]
[BlackElo "2355"]
[Annotator "ChessBase"]
[PlyCount "58"]
[EventDate "2019.12.28"]
[EventType "swiss"]
[EventCountry "ENG"]
[SourceTitle "playchess.com"]
[Source "ChessBase"]
[SourceQuality "1"]
[TimeControl "40/6600+30:3000+30"]

1. e4 {[%emt 0:05:47]} c5 {[%emt 0:15:19]} 2. Nf3 {[%emt 0:03:48]} d6 {[%emt 0:00:07]} 3. Bb5+ {[%emt 0:01:15]} Bd7 {[%emt 0:01:14]} 4. Bxd7+ Qxd7 5. c4 {[%emt 0:00:00]} Nf6 {[%emt 0:02:04]} 6. Nc3 {[%emt 0:00:00]} g6 {[%emt 0:00:04]} 7. d4 {[%emt 0:00:00]} cxd4 {[%emt 0:00:11]} 8. Nxd4 {[%emt 0:00:00]} Bg7 {[%emt 0:00:06]} 9. f3 {[%emt 0:00:19]} O-O {[%emt 0:00:40]} 10. Be3 {[%emt 0:00:27]} Nc6 {[%emt 0:07:47]} 11. O-O {[%emt 0:00:12]} e6 {[%emt 0:00:09]} 12. Qd2 {[%emt 0:07:28]} Rac8 13. b3 {[%emt 0:01:29]} Rfd8 14. Rad1 {[%emt 0:09:06]} a6 {[%emt 0:01:45]} 15. Nde2 {[%emt 0:00:00]} Qe7 {[%emt 0:19:48]} 16. Bg5 {[%emt 0:11:23]} b5 {[%emt 0:12:16]} 17. cxb5 {[%emt 0:08:56]} axb5 {[%emt 0:18:41]} 18. a4 {[%emt 0:29:59]} bxa4 {[%emt 0:00:13]} 19. Nxa4 {[%emt 0:00:30]} Qb7 {[%emt 0:00:30]} 20. Qe3 {[%emt 0:06:53]} h6 {[%emt 0:06:12]} 21. Bxh6 {[%emt 0:01:40]} Bxh6 {[%emt 0:00:06]} 22. Qxh6 {[%emt 0:00:10]} Qxb3 {[%emt 0:00:04]} 23. Nac3 {[%emt 0:05:47]} Ne5 {[%emt 0:00:17]} 24. f4 {[%emt 0:04:32]} Neg4 {[%emt 0:01:57]} 25. Qh4 {[%emt 0:01:43]} Rxc3 {[%emt 0:25:25]} 26. Nxc3 {[%emt 0:01:03]} Qxc3 {[%emt 0:00:04]} 27. e5 {[%emt 0:00:39]} Rb8 {[%emt 0:06:11]} 28. exf6 {[%emt 0:03:32]} Nxf6 {[%emt 0:00:06]} 29. f5 {[%emt 0:07:01]} Rb4 {[%emt 0:02:34]} 1/2-1/2

[Event "95th Caplin Hastings Congress"]
[Site "Hastings"]
[Date "2019.12.31"]
[Round "4.22"]
[White "Terentiev, Sergei"]
[Black "Balaji, Aaravamudhan"]
[Result "1/2-1/2"]
[WhiteElo "2292"]
[BlackElo "2050"]
[Annotator "ChessBase"]
[PlyCount "95"]
[EventDate "2019.12.28"]
[EventType "swiss"]
[EventCountry "ENG"]
[SourceTitle "playchess.com"]
[Source "ChessBase"]
[SourceQuality "1"]
[TimeControl "40/6600+30:3000+30"]

1. c4 {[%emt 0:09:38]} e5 {[%emt 0:09:33]} 2. g3 {[%emt 0:00:13]} Nf6 {[%emt 0:00:04]} 3. Bg2 {[%emt 0:00:08]} d5 {[%emt 0:00:03]} 4. cxd5 {[%emt 0:00:08]} Nxd5 {[%emt 0:00:02]} 5. Nf3 {[%emt 0:00:12]} Nc6 {[%emt 0:00:04]} 6. O-O {[%emt 0:00:09]} Nb6 {[%emt 0:00:16]} 7. Nc3 {[%emt 0:03:05]} f6 {[%emt 0:00:28]} 8. d4 {[%emt 0:06:47]} Bg4 {[%emt 0:16:48]} 9. dxe5 {[%emt 0:01:50]} Qxd1 {[%emt 0:01:03]} 10. Rxd1 {[%emt 0:00:09]} fxe5 {[%emt 0:00:23]} 11. b3 {[%emt 0:14:58]} Bd6 {[%emt 0:05:37]} 12. Bb2 {[%emt 0:03:04]} Ke7 {[%emt 0:08:26]} 13. Ne4 {[%emt 0:02:44]} a5 {[%emt 0:06:08]} 14. h3 {[%emt 0:01:16]} Bxf3 {[%emt 0:01:45]} 15. Bxf3 {[%emt 0:03:47]} a4 {[%emt 0:02:00]} 16. Nxd6 {[%emt 0:01:18]} cxd6 {[%emt 0:00:01]} 17. b4 {[%emt 0:03:06]} Nc4 {[%emt 0:16:38]} 18. Bc3 {[%emt 0:01:25]} Rab8 {[%emt 0:12:08]} 19. b5 {[%emt 0:04:47]} Na7 {[%emt 0:03:01]} 20. Rab1 {[%emt 0:13:04]} Na3 {[%emt 0:05:24]} 21. Rb4 {[%emt 0:00:28]} N3xb5 {[%emt 0:02:56]} 22. Bd2 {[%emt 0:00:09]} Nd4 {[%emt 0:04:53]} 23. Bg5+ {[%emt 0:00:30]} Kf7 {[%emt 0:08:36]} 24. Rxa4 {[%emt 0:15:45]} Nab5 {[%emt 0:06:44]} 25. Rb4 {[%emt 0:02:07]} Nc3 {[%emt 0:01:12]} 26. Rd2 {[%emt 0:00:51]} Nxf3+ {[%emt 0:03:00]} 27. exf3 {[%emt 0:00:10]} d5 {[%emt 0:00:22]} 28. Rdb2 {[%emt 0:02:39]} b5 {[%emt 0:00:07]} 29. Bd2 {[%emt 0:00:12]} d4 {[%emt 0:00:24]} 30. f4 {[%emt 0:03:40]} e4 {[%emt 0:01:20]} 31. Bxc3 {[%emt 0:00:08]} dxc3 {[%emt 0:00:02]} 32. Rc2 {[%emt 0:00:08]} Rhc8 {[%emt 0:00:49]} 33. Rxe4 {[%emt 0:00:48]} b4 {[%emt 0:00:48]} 34. Kf1 {[%emt 0:02:39]} Rd8 {[%emt 0:01:18]} 35. Re1 {[%emt 0:05:13]} Ra8 {[%emt 0:02:03]} 36. Re4 {[%emt 0:02:10]} Ra4 {[%emt 0:01:13]} 37. Ree2 {[%emt 0:07:15]} Rd3 {[%emt 0:00:37]} 38. Re3 {[%emt 0:02:19]} Rd1+ {[%emt 0:01:20]} 39. Re1 {[%emt 0:00:24]} Rd2 {[%emt 0:00:54]} 40. Rxd2 {[%emt 0:01:58]} cxd2 {[%emt 0:00:01]} 41. Rb1 {[%emt 0:50:22]} Rxa2 {[%emt 0:50:43]} 42. Ke2 {[%emt 0:00:08]} d1=Q+ {[%emt 0:00:57]} 43. Kxd1 {[%emt 0:00:07]} Rxf2 {[%emt 0:00:04]} 44. Rxb4 {[%emt 0:00:05]} Rf3 {[%emt 0:00:57]} 45. g4 {[%emt 0:00:09]} Rxh3 {[%emt 0:00:00]} 46. Rb7+ {[%emt 0:00:00]} Kf6 {[%emt 0:00:00]} 47. Rb6+ {[%emt 0:00:00]} Kf7 {[%emt 0:00:00]} 48. Rb7+ {[%emt 0:00:00]} 1/2-1/2

[Event "95th Caplin Hastings Congress"]
[Site "Hastings"]
[Date "2019.12.31"]
[Round "4.23"]
[White "Ratsma, Midas"]
[Black "Flear, Christine"]
[Result "1/2-1/2"]
[WhiteElo "2270"]
[BlackElo "2035"]
[Annotator "TA"]
[PlyCount "89"]
[EventDate "2019.12.28"]
[EventType "swiss"]
[EventCountry "ENG"]
[SourceTitle "playchess.com"]
[Source "ChessBase"]
[SourceQuality "1"]

{[%evp 10,89,26,18,21,21,26,18,20,13,24,-2,10,10,12,0,4,0,13,12,30,42,48,10,10,8,29,-15,-11,-76,-73,-82,-91,-118,-55,-148,-100,-186,-156,-162,-127,-142,-140,-187,-196,-205,-119,-117,-5,-230,-79,-86,0,0,0,0,0,-86,-88,-102,-85,-79,-89,-89,-88,-159,-158,-197,-189,-174,-130,-121,-107,-128,-119,-163,0,0,0,-166,0,0]} 1. e4 c5 2. Nf3 Nc6 3. Bb5 d6 4. d4 cxd4 5. Nxd4 Bd7 6. O-O g6 {B51: Sicilian: Moscow Variation (3 Bb5+) without 3...Bd7} (6... Nf6 7. Nc3 g6 8. Bxc6 Bxc6 9. Bg5 Bg7 10. Nd5 Nxe4 11. Bxe7 Qa5 12. Nxc6 bxc6 13. Nf6+ Kxe7 14. Nxe4 Rhd8 15. Qf3 Kf8 {1-0 (69) Cruz,J (2433)-Alonso Rosell,A (2537) Barcelona 2017}) 7. Nxc6 Bxc6 8. Bxc6+ bxc6 9. c4 $146 ({Predecessor:} 9. Bd2 Bg7 10. Bc3 Nf6 11. Nd2 O-O 12. Re1 d5 13. exd5 cxd5 14. Bb4 {0-1 (48) Barth,H (1292)-Mueller,C (2205) Frankfurt 2017}) 9... Bg7 10. Nc3 Nf6 11. Be3 Nd7 12. Qd2 O-O 13. Rad1 a5 14. f4 Nb6 15. Qe2 Qc7 16. Rd2 Bxc3 17. bxc3 c5 18. Rfd1 Qc6 {White should prevent ...Qa4.} 19. Bf2 (19. Rb1 $11) 19... Qa4 $17 20. Rb2 Qxc4 21. Bh4 f6 (21... Qxe2 $17 22. Rxe2 Rfe8) 22. Qe3 (22. Qe1 $15 Na4 23. Rb3) 22... Na4 23. Rc2 (23. Rb3 $17 {might work better.}) 23... Rab8 $19 24. h3 Rb7 25. Kh2 Rfb8 26. Bg3 Rb2 27. Rdd2 Rxc2 (27... Qxa2 $1 $19 28. Rxb2 Nxb2) 28. Rxc2 $17 Rb1 (28... Qe6 $17 29. e5 f5) 29. Be1 $2 (29. e5 $1 $11 {and White has nothing to worry.} Qf1 30. Bf2 dxe5 31. fxe5) 29... Ra1 $2 (29... Nb6 $19 {and Black stays clearly on top.} 30. Bf2 Qf1) 30. e5 fxe5 (30... Rxa2 $2 31. Rxa2 Qxa2 32. exd6 $18) ({Black should play} 30... Qe6 $17 31. c4 Kf7) 31. fxe5 $11 Qe6 $1 ({Don't blunder} 31... Rxa2 $2 32. exd6 $1 {[%mdl 512]} exd6 33. Qe8+ Kg7 34. Qd7+ Kf6 35. Qxd6+ Kf7 36. Qc7+ Kg8 37. Qd8+ Kf7 38. Qd7+ Kf6 39. Bh4+ $1 {[%mdl 512]} g5 40. Qc6+ Kf7 41. Rxa2 $18) ({Of course not} 31... Qf1 32. Bf2 $16) 32. Bg3 {Black must now prevent Qf3.} Nb6 $36 {[%mdl 2048] Black has good play.} 33. Rf2 (33. Re2 $11) 33... Nd7 $17 {[%cal Rd7e5]} 34. Qf3 dxe5 35. Qa8+ Kg7 36. Qxa5 e4 37. c4 (37. Qc7 $142) 37... Rc1 38. Bf4 Rxc4 {Hoping for ...e3.} 39. Qd2 {Threatening mate with Bh6+.} Rd4 40. Bh6+ {[#]} Kg8 $1 41. Qa5 {[#] Qd8+ would kill now.} Qd6+ $1 42. Bf4 Qe6 {...e3 is the strong threat.} 43. Bh6 {White threatens Qd8+ and mate.} Qd6+ 44. Bf4 Qe6 $2 ({Better is} 44... Qb6 $19 45. Qa8+ Kg7 46. Be5+ Nf6) 45. Bh6 {Accuracy: White = 35%, Black = 48%.} 1/2-1/2